000
00332nam a2200121Ia 4500
005
20250603145723.0
008
250603s9999 xx 000 0 und d
020
_a
978-0-19-475615-0
245
0
_a
Skills for Success 1: Listening and Speaking. Teacher's Handbook
260
_b
Oxford University Press
260
_c
2011
942
_c
BK
999
_c
42658
_d
42658